[Event "3rd ACT"]
[Site "Amsterdam NED"]
[Date "2006.07.23"]
[Round "9"]
[White "Stellwagen,D"]
[Black "Michiels,B"]
[Result "1/2-1/2"]
[WhiteElo "2575"]
[BlackElo "2455"]
[EventDate "2006.07.15"]

1. e4 e6 2. d4 d5 3. Nc3 Nf6 4. Bg5 dxe4 5. Nxe4 Nbd7 6. Nf3 h6 7. Nxf6+
Nxf6 8. Be3 a6 9. Bd3 b5 10. Qe2 Bd6 11. O-O-O Bb7 12. Kb1 Bd5 13. Rhg1 Nd7
14. Nd2 c5 15. Ne4 Bxh2 16. dxc5 Bxg1 17. Nd6+ Kf8 18. Rxg1 Qc7 19. Qh5 Nf6
20. Qh4 Ne8 21. Qb4 a5 22. Qxb5 Rb8 23. Qa6 Ra8 24. Nxe8 Kxe8 25. Qb6 Qxb6
26. cxb6 Bc6 27. f3 Kd7 28. c4 Kc8 29. b3 Rd8 30. Be2 e5 31. g4 Kb7 32. a3
g6 33. Kc2 Rd7 34. c5 f5 35. gxf5 gxf5 36. Bxh6 Rh8 37. Rg6 Rdh7 38. Rg7+
Rxg7 39. Bxg7 Rh2 40. Kd1 e4 41. fxe4 fxe4 42. Bd4 Rh1+ 43. Kd2 Rh2 44. Be5
Rxe2+ 45. Kxe2 Bd5 46. Bc3 Bxb3 47. Bxa5 Kc6 48. Ke3 Bc4 49. Kd4 Ba6 50.
Bb4 e3 51. Kxe3 Bc8 52. Kd4 Ba6 53. a4 Bc8 54. a5 Ba6 55. Ke4 1/2-1/2

[Event "3rd ACT"]
[Site "Amsterdam NED"]
[Date "2006.07.23"]
[Round "9"]
[White "Cuijpers,F"]
[Black "Cox,JJ"]
[Result "1-0"]
[WhiteElo "2510"]
[BlackElo "2418"]
[EventDate "2006.07.15"]

1. e4 Nf6 2. e5 Nd5 3. d4 d6 4. Nf3 dxe5 5. Nxe5 c6 6. Bd3 Nd7 7. Nxd7 Bxd7
8. O-O g6 9. Re1 Bg7 10. c3 O-O 11. Bg5 Qb6 12. Qd2 Be6 13. Na3 Qc7 14. Nc2
Rad8 15. a4 Qd7 16. a5 f6 17. Bh4 Bf7 18. Be4 Rfe8 19. Bg3 c5 20. dxc5 Qb5
21. Na3 Qxc5 22. b4 Qc8 23. c4 Nc7 24. Qe3 f5 25. Bf3 e5 26. Qxa7 e4 27.
Be2 g5 28. Bxc7 Qxc7 29. Nb5 Qe7 30. Rab1 f4 31. Bf1 Bg6 32. Qc5 Qxc5 33.
bxc5 e3 34. Rb3 Bc2 35. Ra3 exf2+ 36. Kxf2 Rd2+ 37. Re2 Rexe2+ 38. Bxe2 Bb2
39. Ke1 Rxe2+ 40. Kxe2 Bxa3 41. c6 1-0

[Event "3rd ACT"]
[Site "Amsterdam NED"]
[Date "2006.07.23"]
[Round "9"]
[White "Parker,J"]
[Black "Hendriks,W"]
[Result "1-0"]
[WhiteElo "2509"]
[BlackElo "2426"]
[EventDate "2006.07.15"]

1. d4 d6 2. c4 e5 3. Nf3 e4 4. Ng5 f5 5. Nc3 Nf6 6. e3 Be7 7. f3 d5 8. cxd5
Nxd5 9. Nh3 Nc6 10. fxe4 Nxc3 11. bxc3 fxe4 12. Nf4 Qd6 13. a4 Bd7 14. Be2
O-O-O 15. O-O Rhf8 16. c4 Qh6 17. Rb1 Bd6 18. c5 Bxf4 19. exf4 Qf6 20. Qb3
b6 21. cxb6 axb6 22. Be3 Nxd4 23. Qc4 Bc6 24. Bg4+ Kb7 25. a5 Rd6 26. Rfc1
Rfd8 27. axb6 cxb6 28. Qc5 b5 29. Ra1 1-0

[Event "3rd ACT"]
[Site "Amsterdam NED"]
[Date "2006.07.23"]
[Round "9"]
[White "Van der Elburg,F"]
[Black "Spoelman,W"]
[Result "0-1"]
[WhiteElo "2348"]
[BlackElo "2461"]
[EventDate "2006.07.15"]

1. c4 b6 2. Nc3 Bb7 3. e4 e6 4. g3 f5 5. Bg2 Nf6 6. Qc2 fxe4 7. Nxe4 Nxe4
8. Bxe4 Bxe4 9. Qxe4 Nc6 10. Ne2 Qf6 11. d4 Bb4+ 12. Kf1 O-O 13. Be3 Kh8
14. Kg2 d5 15. cxd5 exd5 16. Qg4 Rae8 17. Rhf1 Re4 18. Qh5 g6 19. Qxd5 Qf3+
20. Kg1 Rxe3 21. Qxf3 Rexf3 22. Rac1 R3f6 23. a3 Bd2 0-1

[Event "3rd ACT"]
[Site "Amsterdam NED"]
[Date "2006.07.23"]
[Round "9"]
[White "Li Shilong"]
[Black "Ansell,S"]
[Result "1-0"]
[WhiteElo "2540"]
[BlackElo "2391"]
[EventDate "2006.07.15"]

1. d4 d5 2. c4 c6 3. Nf3 Nf6 4. Nc3 dxc4 5. a4 Bf5 6. Ne5 Nbd7 7. Nxc4 Nd5
8. f3 e5 9. e4 Nxc3 10. bxc3 Be6 11. Ne3 exd4 12. cxd4 Bb4+ 13. Bd2 Qe7 14.
Bxb4 Qxb4+ 15. Qd2 Qxd2+ 16. Kxd2 Nf6 17. Kc3 g5 18. Bc4 O-O-O 19. Rhd1
Bxc4 20. Kxc4 Ne8 21. d5 cxd5+ 22. Rxd5 Rxd5 23. Kxd5 Kd7 24. Rd1 f6 25. e5
Kc8 26. Nf5 Nc7+ 27. Ke4 fxe5 28. Nd6+ Kb8 29. Kxe5 b6 30. g3 Rg8 31. f4
gxf4 32. gxf4 Rg2 33. f5 Re2+ 34. Ne4 Rxh2 35. f6 Rh5+ 36. Kd6 Rf5 37. Kc6
Ne6 38. Rd6 Re5 39. f7 Kc8 40. Rxe6 Rxe6+ 41. Nd6+ 1-0

[Event "3rd ACT"]
[Site "Amsterdam NED"]
[Date "2006.07.23"]
[Round "9"]
[White "Van der Weide,K"]
[Black "De Boer,Sy"]
[Result "1/2-1/2"]
[WhiteElo "2446"]
[BlackElo "2353"]
[EventDate "2006.07.15"]

1. e4 e5 2. Nf3 Nc6 3. d4 exd4 4. Nxd4 Nf6 5. Nxc6 bxc6 6. e5 Qe7 7. Qe2
Nd5 8. c4 Nb6 9. Nc3 Qe6 10. Qe4 g6 11. Bd3 Bg7 12. f4 Ba6 13. b3 O-O 14.
Ba3 d5 15. cxd5 cxd5 16. Qe2 Bxd3 17. Qxd3 Rfd8 18. O-O Rac8 19. Rae1 c5
20. Nb5 f5 21. exf6 Qxf6 22. f5 gxf5 23. Rxf5 Qg6 24. Nxa7 Ra8 25. Nb5 c4
26. Qf3 Re8 27. Rf1 c3 28. h4 Re5 29. Nd4 Re4 30. Nc2 Qg4 31. Qd3 Qe2 32.
Rxd5 Qxd3 33. Rxd3 Re2 34. Ne1 Rc8 35. Rg3 Nd5 36. Bc1 Kh8 37. Nf3 h6 38.
Rd1 Nb4 39. Rd7 Bf8 40. Kh2 Nxa2 41. Bf4 Rce8 42. h5 R2e7 43. Rxe7 Rxe7 44.
Nh4 Re6 45. Rg6 Re4 46. Rc6 Bg7 47. Ng6+ Kg8 48. Rc8+ Kf7 49. Rc7+ Kg8 50.
Rc8+ Kf7 51. Rc7+ Kg8 52. Rc8+ 1/2-1/2

[Event "3rd ACT"]
[Site "Amsterdam NED"]
[Date "2006.07.23"]
[Round "9"]
[White "De Vreugt,D"]
[Black "Van Beek,L"]
[Result "0-1"]
[WhiteElo "2429"]
[BlackElo "2345"]
[EventDate "2006.07.15"]

1. e4 e5 2. Nf3 Nc6 3. Bb5 a6 4. Ba4 d6 5. Bxc6+ bxc6 6. d4 exd4 7. Nxd4 c5
8. Nf3 Be7 9. Nc3 Nf6 10. O-O O-O 11. Re1 Bb7 12. h3 Re8 13. Bf4 Qd7 14.
Re3 Rad8 15. Qe2 Nh5 16. Bh2 Bf6 17. e5 dxe5 18. Rd1 Qc6 19. Re1 g6 20.
Bxe5 Rxe5 21. Rxe5 Nf4 22. Qe4 Bxe5 23. Qxe5 Nxg2 24. Re4 f5 25. Qe7 Qd7
26. Qxd7 Rxd7 27. Ne5 Re7 28. Re2 Nf4 29. Re3 Nxh3+ 30. Kf1 f4 31. Re2 Ng5
32. Na4 Ne4 33. Nd3 f3 34. Re3 c4 35. Ndc5 Bc6 36. Nc3 Ng3+ 37. Ke1 Rxe3+
38. fxe3 g5 39. Nxa6 Nh1 40. Nd1 g4 0-1

[Event "3rd ACT"]
[Site "Amsterdam NED"]
[Date "2006.07.23"]
[Round "9"]
[White "Ferguson,M"]
[Black "Afek,Y"]
[Result "1-0"]
[WhiteElo "2389"]
[BlackElo "2316"]
[EventDate "2006.07.15"]

1. e4 c5 2. Nf3 Nf6 3. e5 Nd5 4. Nc3 e6 5. Nxd5 exd5 6. d4 Nc6 7. dxc5 Bxc5
8. Qxd5 d6 9. exd6 Qb6 10. Qe4+ Be6 11. Qh4 Bxd6 12. Be2 Bf5 13. O-O O-O
14. Bd3 Bxd3 15. cxd3 Rfe8 16. b3 Bc5 17. Bb2 Re2 18. Rab1 Rae8 19. d4 Be7
20. Qg4 Bf6 21. Ne5 Rc2 22. Qd1 Rxb2 23. Rxb2 Qxd4 24. Qxd4 Nxd4 25. f4 Nc6
26. Rd2 Nxe5 27. fxe5 Rxe5 28. Rd7 Rb5 29. Rc1 h5 30. Rc8+ Kh7 31. Rxf7 Kg6
32. Rd7 a5 33. Rc4 b6 34. Rd6 Kf5 35. g3 Be7 36. Rf4+ Ke5 37. Rd3 Rc5 38.
Re3+ 1-0

[Event "3rd ACT"]
[Site "Amsterdam NED"]
[Date "2006.07.23"]
[Round "9"]
[White "Van Delft,M"]
[Black "Wunnink,M"]
[Result "1/2-1/2"]
[WhiteElo "2382"]
[BlackElo "2235"]
[EventDate "2006.07.15"]

1. Nf3 c5 2. g3 Nc6 3. Bg2 g6 4. O-O Bg7 5. d3 d5 6. Nc3 e6 7. Bd2 b6 8. a3
Bb7 9. Rb1 Nge7 10. Qc1 O-O 11. e4 Nd4 12. Re1 1/2-1/2

[Event "3rd ACT"]
[Site "Amsterdam NED"]
[Date "2006.07.23"]
[Round "9"]
[White "Wempe,Jo"]
[Black "Pruijssers,R"]
[Result "1/2-1/2"]
[WhiteElo "2242"]
[BlackElo "2355"]
[EventDate "2006.07.15"]

1. d4 Nf6 2. c4 g6 3. Nc3 Bg7 4. e4 d6 5. f3 O-O 6. Be3 c5 7. dxc5 dxc5 8.
Qxd8 Rxd8 9. Bxc5 Nc6 10. Nge2 Nd7 11. Bf2 Nde5 12. Nf4 Be6 13. Nfd5 Na5
14. O-O-O Nexc4 15. Bxc4 Nxc4 16. Nxe7+ Kf8 17. Bc5 Rxd1+ 18. Rxd1 b6 19.
Nc8+ Ke8 20. Nd6+ Nxd6 21. Bxd6 Bxc3 1/2-1/2

[Event "3rd ACT"]
[Site "Amsterdam NED"]
[Date "2006.07.23"]
[Round "9"]
[White "Schlawin,M"]
[Black "Swinkels,R"]
[Result "1/2-1/2"]
[WhiteElo "2349"]
[BlackElo "2286"]
[EventDate "2006.07.15"]

1. e4 e5 2. Nf3 Nc6 3. Bc4 Nf6 4. d3 Bc5 5. O-O d6 6. c3 a6 7. Bb3 Ba7 8.
Nbd2 O-O 9. Re1 Ng4 10. Re2 Kh8 11. h3 Nh6 12. Nf1 f5 13. Bxh6 gxh6 14.
exf5 Bxf5 15. Kh2 Qd7 16. Bd5 Rae8 17. Ng3 Be6 18. Qb3 Nd8 19. d4 c6 20.
Bxe6 Nxe6 21. dxe5 d5 22. c4 d4 23. Rd1 Rd8 1/2-1/2

[Event "3rd ACT"]
[Site "Amsterdam NED"]
[Date "2006.07.23"]
[Round "9"]
[White "Zhang,T"]
[Black "Ashton,A"]
[Result "1/2-1/2"]
[WhiteElo "2217"]
[BlackElo "2329"]
[EventDate "2006.07.15"]

1. e4 e5 2. Nf3 Nc6 3. Bb5 a6 4. Bxc6 dxc6 5. O-O Bd6 6. d4 exd4 7. Qxd4 f6
8. Be3 Be6 9. Nbd2 Ne7 10. Rfd1 Ng6 11. Nc4 Bxc4 12. Qxc4 Qe7 13. Re1 O-O-O
14. Bd4 1/2-1/2

[Event "3rd ACT"]
[Site "Amsterdam NED"]
[Date "2006.07.23"]
[Round "9"]
[White "Miedema,R"]
[Black "Szymczak,Z"]
[Result "0-1"]
[WhiteElo "2218"]
[BlackElo "2288"]
[EventDate "2006.07.15"]

1. d4 g6 2. c4 Bg7 3. e4 d6 4. Nc3 Nf6 5. f3 O-O 6. Be3 b6 7. Qd2 c5 8.
Nge2 Nc6 9. d5 Ne5 10. Ng3 e6 11. O-O-O exd5 12. Nxd5 Nxd5 13. exd5 Ba6 14.
Bh6 Bxh6 15. Qxh6 f5 16. Ne2 Bxc4 17. Nf4 Nf7 18. Qh3 Qg5 19. Qg3 Bxa2 20.
Qxg5 Nxg5 21. h4 Nf7 22. Ne6 Bb3 23. Rd2 Rfe8 24. Bb5 Re7 25. Bc6 Rc8 26.
Nf4 a6 27. g4 fxg4 28. fxg4 Ne5 29. g5 Rf7 30. Ng2 Nxc6 31. dxc6 Rxc6 32.
h5 gxh5 33. Ne3 Rf3 34. Re2 d5 35. Rxh5 d4 0-1

[Event "3rd ACT"]
[Site "Amsterdam NED"]
[Date "2006.07.23"]
[Round "9"]
[White "Strating,S"]
[Black "De Saegher,C"]
[Result "1/2-1/2"]
[WhiteElo "2279"]
[BlackElo "2203"]
[EventDate "2006.07.15"]

1. d4 d6 2. c4 g6 3. Nc3 Bg7 4. e4 Nd7 5. f4 e5 6. fxe5 dxe5 7. d5 Nh6 8.
Nf3 O-O 9. Bd3 f6 10. Be3 Ng4 11. Bg1 f5 12. h3 Ngf6 13. Qc2 Qe7 14. O-O-O
Nc5 15. Bxc5 Qxc5 16. exf5 gxf5 17. Bxf5 Qxc4 18. Bd3 Qf4+ 19. Nd2 c6 20.
dxc6 bxc6 21. Kb1 e4 22. Ndxe4 Nxe4 23. Bxe4 Bf5 24. Bxf5 Rxf5 25. Rd3 Qe5
26. Rhd1 Raf8 27. Rd8 Qf6 28. Rxf8+ Qxf8 29. a3 Rf2 30. Rd2 Rf1+ 31. Ka2
Qf7+ 32. b3 Qf6 33. Kb2 Bh6 34. Re2 Bc1+ 35. Ka2 Bh6 36. Qd3 Bg7 37. Kb2
Rf2 38. Rxf2 Qxf2+ 39. Qc2 Qd4 40. b4 h5 41. Kb3 Qe3 42. Kc4 Qd4+ 1/2-1/2

[Event "3rd ACT"]
[Site "Amsterdam NED"]
[Date "2006.07.23"]
[Round "9"]
[White "Pliester,L"]
[Black "Valenti,G"]
[Result "0-1"]
[WhiteElo "2391"]
[BlackElo "2273"]
[EventDate "2006.07.15"]

1. e4 c5 2. Nf3 d6 3. d4 cxd4 4. Nxd4 Nf6 5. Nc3 a6 6. a4 e6 7. Be2 Be7 8.
O-O Qc7 9. f4 Nc6 10. Kh1 Bd7 11. Be3 O-O 12. Nb3 Nb4 13. a5 Bc6 14. Bf3 d5
15. e5 Ne4 16. Bxe4 dxe4 17. Bb6 Qc8 18. Rf2 Nd5 19. Nxd5 Bxd5 20. Qd4 f5
21. Nc5 Bd8 22. Bxd8 Rxd8 23. Qe3 Qc7 24. b3 b6 25. axb6 Qxb6 26. c4 Bxc4
27. bxc4 Rd3 28. Qxd3 exd3 29. Nxd3 Qd4 30. Ra3 Qxc4 31. h4 Rd8 32. Rf3 a5
33. Kh2 Rd4 34. Kg3 a4 35. h5 g5 36. hxg6 hxg6 37. Nf2 g5 38. Nh3 gxf4+ 39.
Nxf4 Qc5 0-1

[Event "3rd ACT"]
[Site "Amsterdam NED"]
[Date "2006.07.23"]
[Round "9"]
[White "Bosboom,M"]
[Black "Burg,T"]
[Result "1/2-1/2"]
[WhiteElo "2390"]
[BlackElo "2268"]
[EventDate "2006.07.15"]

1. d4 Nf6 2. Nf3 g6 3. Bf4 Bg7 4. e3 d6 5. h3 O-O 6. Be2 c5 7. Nbd2 cxd4 8.
exd4 Nc6 9. O-O Re8 10. Nc4 Nb4 11. Qd2 Nbd5 12. Bh6 Bh8 13. Bd3 Bd7 14. a4
Rc8 15. Rfe1 Rc7 16. Ng5 Qc8 17. Ne3 Nxe3 18. Rxe3 Bf5 19. c3 Bxd3 20. Qxd3
e5 21. Rae1 Rce7 22. dxe5 dxe5 23. Qb5 Qd7 24. Rd3 Qxb5 25. axb5 Rd7 26.
Rxd7 Nxd7 27. Ra1 Ra8 28. Ne4 f5 29. Rd1 Nf8 30. Nc5 b6 31. Nd7 Ne6 32. Ra1
Nc7 33. c4 Kf7 34. b4 Rd8 35. Nf8 a6 36. bxa6 Bg7 37. Be3 e4 38. Ra2 Bxf8
39. Bxb6 Rd1+ 40. Kh2 Na8 41. Ba5 Bd6+ 42. g3 Rb1 43. b5 Bc7 44. Bxc7
1/2-1/2

[Event "3rd ACT"]
[Site "Amsterdam NED"]
[Date "2006.07.23"]
[Round "9"]
[White "De Jong,M"]
[Black "Bezemer,A"]
[Result "0-1"]
[WhiteElo "2241"]
[BlackElo "2346"]
[EventDate "2006.07.15"]

1. Nf3 Nf6 2. b3 g6 3. Bb2 Bg7 4. e3 O-O 5. c4 d6 6. d4 Nbd7 7. Qc2 Re8 8.
Nc3 e5 9. Be2 Qe7 10. Rd1 e4 11. Nd2 h5 12. h3 Nf8 13. g4 hxg4 14. hxg4
N8h7 15. Rg1 Ng5 16. b4 c6 17. d5 Bd7 18. dxc6 bxc6 19. b5 Rac8 20. Qb3 Be6
21. a4 Qd7 22. bxc6 Rxc6 23. Nd5 Qd8 24. Qb5 Bxd5 25. cxd5 Rc5 26. Qa6 Rxd5
27. Qxa7 Ra5 28. Qd4 Qb8 29. Bb5 Rc8 30. Qb4 Ra7 31. Bd4 Nd5 32. Bxa7 Qxa7
33. Qb3 Nc3 34. Rc1 d5 35. Rg3 Be5 36. Nb1 Bxg3 37. Rxc3 Rxc3 38. Qxc3 Be5
39. Qc8+ Kg7 40. Nc3 Qa5 41. Kd2 Ne6 42. Kc2 Nc7 43. Ne2 Nxb5 44. axb5 Qxb5
45. Kd2 Qb4+ 46. Kd1 Qb3+ 47. Ke1 Qb1+ 48. Qc1 Qb7 49. g5 Qb4+ 50. Kf1 Qc4
51. Qxc4 dxc4 52. Ke1 f5 53. gxf6+ Kxf6 54. Kd2 Kf5 55. Nc3 Bxc3+ 56. Kxc3
Kg4 57. Kxc4 Kf3 58. Kd4 g5 0-1

[Event "3rd ACT"]
[Site "Amsterdam NED"]
[Date "2006.07.23"]
[Round "9"]
[White "Vogel,Ja"]
[Black "Van Oosterom,C"]
[Result "1-0"]
[WhiteElo "2246"]
[BlackElo "2343"]
[EventDate "2006.07.15"]

1. Nf3 c5 2. g3 Nc6 3. Bg2 g6 4. c3 e5 5. d4 cxd4 6. cxd4 e4 7. Ne5 d5 8.
Nc3 Bg7 9. O-O Nge7 10. Bf4 Nf5 11. Qa4 O-O 12. Nxc6 bxc6 13. Qxc6 Be6 14.
e3 Rc8 15. Qa6 Re8 16. Nb5 g5 17. Be5 f6 18. Bd6 Bd7 19. Nxa7 Re6 20. Nxc8
Bxc8 21. Qa8 Rxd6 22. Rfc1 Ne7 23. Bf1 Bf8 24. Rc2 Qd7 25. Rac1 Bb7 26. Qa5
Nc6 27. Qa4 Qe6 28. Bb5 Nd8 29. Rc7 f5 30. Rd7 g4 31. Rxd6 Qxd6 32. Bd7 Qf6
33. Bc8 Bxc8 34. Rxc8 Nf7 35. Qd7 Qa6 36. Qxf5 Qe2 37. Kg2 h5 38. Rc7 Qf3+
39. Qxf3 exf3+ 40. Kf1 Ng5 41. Rd7 Ne4 42. Rxd5 h4 43. Re5 1-0

[Event "3rd ACT"]
[Site "Amsterdam NED"]
[Date "2006.07.23"]
[Round "9"]
[White "Becker,Mart"]
[Black "Breivik,L"]
[Result "1-0"]
[WhiteElo "2335"]
[BlackElo "2226"]
[EventDate "2006.07.15"]

1. e4 c5 2. Nf3 Nc6 3. d4 cxd4 4. Nxd4 Nf6 5. Nc3 e5 6. Ndb5 d6 7. Bg5 a6
8. Na3 b5 9. Bxf6 gxf6 10. Nd5 f5 11. Bd3 Be6 12. O-O Bxd5 13. exd5 Ne7 14.
Re1 Bg7 15. c3 O-O 16. Qh5 e4 17. Bf1 b4 18. cxb4 Bxb2 19. Rab1 Be5 20. Rb3
f6 21. Nc4 Qe8 22. Qh3 Kh8 23. f3 Nxd5 24. Qxf5 exf3 25. Kh1 fxg2+ 26. Bxg2
Nf4 27. Nxd6 Bxd6 28. Rxe8 Raxe8 29. Be4 Rf7 30. Rf3 Ng6 31. Qd5 Ne5 32.
Qxd6 Nxf3 33. Bxf3 Rg7 34. Qd2 Rg5 35. Bb7 Reg8 36. Qd4 Re5 37. Qf2 Kg7 38.
Qd2 h5 39. Bxa6 Rge8 40. Bc4 h4 41. b5 R8e7 42. h3 1-0

[Event "3rd ACT"]
[Site "Amsterdam NED"]
[Date "2006.07.23"]
[Round "9"]
[White "Schoorl,R"]
[Black "Van de Fliert,W"]
[Result "1/2-1/2"]
[WhiteElo "2289"]
[BlackElo "2195"]
[EventDate "2006.07.15"]

1. e4 e5 2. Nf3 Nc6 3. Bb5 a6 4. Ba4 Nf6 5. O-O Be7 6. Re1 b5 7. Bb3 d6 8.
c3 O-O 9. h3 Nd7 10. d4 Nb6 11. a4 bxa4 12. Bxa4 Nxa4 13. Qxa4 Bd7 14. Qc4
Bf6 15. dxe5 Nxe5 16. Nxe5 Bxe5 17. Rxa6 Qh4 18. Rxa8 Rxa8 19. Qd3 g5 20.
Nd2 g4 21. Nf1 gxh3 22. g3 Qh5 23. Kh2 Ra1 24. f4 Bg7 25. Ne3 Qc5 26. Qe2
h5 27. f5 Bc6 28. Qf3 Be5 29. Kxh3 Ra4 30. Qxh5 Rxe4 31. Qg5+ Bg7 32. Ng2
Rxe1 33. Nxe1 Qe5 34. Qd8+ Be8 35. Ng2 Qxf5+ 36. Kh2 Qh5+ 37. Nh4 Qe2+ 38.
Ng2 Qe6 39. Qxc7 Bd7 40. Qd8+ Kh7 41. Qh4+ Kg8 42. Nf4 Qf5 43. Ng2 Bf6 44.
Qf4 Qh7+ 45. Kg1 Bc6 46. Ne1 Qh1+ 47. Kf2 Qh2+ 48. Kf1 Qh3+ 49. Ke2 Bb5+
50. Kd1 Qe6 51. Be3 Qd5+ 52. Bd4 Bg5 53. Qg4 f6 54. Nf3 Qb3+ 55. Ke1 Qxb2
56. Nxg5 Qc1+ 57. Kf2 Qxg5 58. Qc8+ Kg7 59. Qc7+ Kg6 60. Qxd6 Qd2+ 61. Kf3
Be2+ 62. Ke4 Qd3+ 63. Kd5 Qb5+ 64. Ke6 Qe8+ 65. Qe7 Qc6+ 66. Qd6 Qe8+ 67.
Kd5 Qb5+ 68. Qc5 1/2-1/2

[Event "3rd ACT"]
[Site "Amsterdam NED"]
[Date "2006.07.23"]
[Round "9"]
[White "Tan,Mat"]
[Black "Moll,A"]
[Result "1/2-1/2"]
[WhiteElo "2288"]
[BlackElo "2180"]
[EventDate "2006.07.15"]

1. e4 c5 2. Nf3 e6 3. d4 cxd4 4. Nxd4 Nf6 5. Nc3 Nc6 6. Ndb5 Bb4 7. a3
Bxc3+ 8. Nxc3 d5 9. exd5 exd5 10. Bd3 O-O 11. O-O d4 12. Ne4 Bf5 13. Bg5
Bxe4 14. Bxe4 Qd6 15. Bxf6 Qxf6 16. Qh5 g6 17. Qb5 Rab8 18. b3 Rfe8 19.
Bxc6 Qxc6 1/2-1/2

[Event "3rd ACT"]
[Site "Amsterdam NED"]
[Date "2006.07.23"]
[Round "9"]
[White "Bachofner,A"]
[Black "Ahlers,B"]
[Result "1-0"]
[WhiteElo "2185"]
[BlackElo "2185"]
[EventDate "2006.07.15"]

1. e4 e6 2. d4 d5 3. Nc3 Bb4 4. exd5 exd5 5. Bd3 Ne7 6. a3 Bxc3+ 7. bxc3
O-O 8. Qh5 g6 9. Qf3 Nf5 10. Ne2 c5 11. dxc5 Nc6 12. Qf4 Re8 13. O-O Ne5
14. Nd4 Ng7 15. Qg5 f6 16. Qh4 Bd7 17. Rb1 Rb8 18. Be3 Qe7 19. h3 a6 20.
Rb6 Rf8 21. Rfb1 Qxc5 22. Ne6 Qxb6 23. Rxb6 Bxe6 24. Bh6 g5 25. Qb4 Nc6 26.
Qc5 Rfe8 27. Bxg7 Kxg7 28. Bxa6 bxa6 29. Qxc6 1-0

[Event "3rd ACT"]
[Site "Amsterdam NED"]
[Date "2006.07.23"]
[Round "9"]
[White "Witt,Rob"]
[Black "Heemskerk,W"]
[Result "1/2-1/2"]
[WhiteElo "2296"]
[BlackElo "2298"]
[EventDate "2006.07.15"]

1. d4 Nf6 2. Nf3 e6 3. e3 b6 4. Bd3 Bb7 5. O-O Be7 6. Nbd2 c5 7. b3 d6 8.
Bb2 Nbd7 9. Qe2 O-O 10. Ba6 Qc8 11. Bxb7 Qxb7 12. c4 Rad8 13. e4 cxd4 14.
Nxd4 Rfe8 15. Rfe1 Bf8 16. a4 a5 17. Nb5 Be7 18. Rad1 Nc5 19. f4 d5 20.
exd5 exd5 21. Bxf6 gxf6 22. cxd5 Rxd5 23. Nc4 Rxd1 24. Rxd1 Ne4 25. Nbd6
Bxd6 26. Nxd6 Nxd6 27. Rxd6 1/2-1/2

[Event "3rd ACT"]
[Site "Amsterdam NED"]
[Date "2006.07.23"]
[Round "9"]
[White "Doggers,P"]
[Black "Eggleston,D"]
[Result "1-0"]
[WhiteElo "2232"]
[BlackElo "2232"]
[EventDate "2006.07.15"]

1. e4 e6 2. d4 d5 3. Nc3 Nf6 4. e5 Nfd7 5. f4 c5 6. Nf3 Nc6 7. Be3 cxd4 8.
Nxd4 Bc5 9. Qd2 a6 10. O-O-O Nxd4 11. Bxd4 Qc7 12. Qf2 b5 13. Bd3 b4 14.
Ne2 Bxd4 15. Nxd4 Nc5 16. Rhe1 O-O 17. Qh4 f5 18. g4 Nxd3+ 19. Rxd3 fxg4
20. Qxg4 Qf7 21. Rf3 Ra7 22. Qh4 Rc7 23. f5 exf5 24. e6 Qe7 25. Qxe7 Rxe7
26. Nxf5 Ree8 27. Ref1 Rxf5 28. Rxf5 Bxe6 29. Re5 Bf7 30. Rxe8+ Bxe8 31.
Kd2 Bc6 32. Rf4 a5 33. c3 bxc3+ 34. Kxc3 g5 35. Rf5 h6 36. Rf6 1-0

[Event "3rd ACT"]
[Site "Amsterdam NED"]
[Date "2006.07.23"]
[Round "9"]
[White "Thiel,T"]
[Black "Cornelisse,J"]
[Result "1-0"]
[WhiteElo "2302"]
[BlackElo "2216"]
[EventDate "2006.07.15"]

1. e4 e5 2. d4 exd4 3. Qxd4 Nc6 4. Qe3 Nf6 5. Nc3 Be7 6. Bc4 O-O 7. Bd2 Re8
8. O-O-O d6 9. f4 Bf8 10. Nf3 Be6 11. Bxe6 Rxe6 12. Rhe1 d5 13. Ng5 Re8 14.
Nxd5 Nxd5 15. Qb3 Nd4 16. Qxd5 Qxd5 17. exd5 Bd6 18. Ne4 Be7 19. Ba5 Nb5
20. a4 b6 21. axb5 bxa5 22. d6 Bd8 23. d7 Re7 24. Nc5 Kf8 25. Nb7 Rxe1 26.
Rxe1 Be7 27. Rd1 Bd6 28. Nxd6 cxd6 29. Rxd6 Rd8 30. c4 Ke7 31. c5 Rxd7 32.
Rxd7+ Kxd7 33. Kc2 1-0

[Event "3rd ACT"]
[Site "Amsterdam NED"]
[Date "2006.07.23"]
[Round "9"]
[White "Timman,T"]
[Black "Hofland,L"]
[Result "1/2-1/2"]
[WhiteElo "2260"]
[BlackElo "2272"]
[EventDate "2006.07.15"]

1. d4 f5 2. g3 Nf6 3. Bg2 g6 4. Nf3 d6 5. O-O Bg7 6. c4 O-O 7. Nc3 c6 8. d5
e5 9. dxe6 Bxe6 10. b3 Re8 11. Bb2 1/2-1/2

[Event "3rd ACT"]
[Site "Amsterdam NED"]
[Date "2006.07.23"]
[Round "9"]
[White "Ouwendijk,V"]
[Black "Van Gool,H"]
[Result "1-0"]
[WhiteElo "2210"]
[BlackElo "2208"]
[EventDate "2006.07.15"]

1. e4 e5 2. Nf3 Nc6 3. Nc3 Nf6 4. d4 exd4 5. Nxd4 Bb4 6. Nxc6 bxc6 7. Bd3
O-O 8. Qf3 Rb8 9. O-O Re8 10. Bg5 Be7 11. Bc4 d6 12. e5 dxe5 13. Rad1 Bd7
14. Bxf6 Bxf6 15. Ne4 Re7 16. Nxf6+ gxf6 17. Qxf6 e4 18. Rfe1 e3 19. Rxe3
Rxe3 20. Qxf7+ Kh8 21. fxe3 1-0